01014nam a2200193Ia 4500001001000000003001000010008004100020040002500061041001300086100001200099245003300111250001100144260007900155300001200234500021200246501011400458520021200572650003600784L200-2558IT-CnALBA170116s9999||||xx |||||||||||||| ||und|| aIT-CnALBAcIT-CnALBA aITALIANO aAA. VV. 0aTELOGIA PER CORRISPONDENZA.  a1a ed. a ROMAbCENTRO UT UNUM SINT c1969 [1° Ed.:1969 - Ed.Ling.Originale: 1969] a152 p.  aSACRA SCRITTURA DI CAVEDO ROMEO. TEOLOGIA DOGMATICA DI COLOMBO E MAIOLI. TEOLOGIA MORALE DI TETTAMANZI DIONIGI. STORIA DELLA CHIESA DI AMADEI ROBERTO. LITURGIA DI DONGHI ANTONIO. DECIMA SETTIMANA DI STUDIO.  aSocietà San Paolo EM - Piazza San Paolo, 14 - 12051 ALBA (CN) (non commercial uses only) ® Copyright 2017 aSACRA SCRITTURA DI CAVEDO ROMEO. TEOLOGIA DOGMATICA DI COLOMBO E MAIOLI. TEOLOGIA MORALE DI TETTAMANZI DIONIGI. STORIA DELLA CHIESA DI AMADEI ROBERTO. LITURGIA DI DONGHI ANTONIO. DECIMA SETTIMANA DI STUDIO.  aRELIGIONE - RELIGIONE CRISTIANA